States Without an NFL Team - Statistics

General Stats
  • This quiz has been taken 220 times
  • The average score is 20 of 27
Answer Stats
Population Answer % Correct
0.7M Alaska
87%
1.4M Maine
87%
1.1M Montana
85%
0.8M North Dakota
84%
0.9M South Dakota
84%
1.4M Hawaii
80%
2.1M New Mexico
78%
4.3M Oregon
78%
3M Mississippi
77%
1.1M Rhode Island
77%
5.3M South Carolina
76%
4.9M Alabama
75%
0.6M Vermont
73%
1.9M Idaho
72%
1.4M New Hampshire
72%
2.9M Kansas
71%
4.5M Kentucky
71%
8.6M Virginia
71%
0.6M Wyoming
71%
3.2M Iowa
70%
1.8M West Virginia
70%
2M Nebraska
68%
4M Oklahoma
68%
3M Arkansas
67%
3.6M Connecticut
62%
3.3M Utah
61%
1M Delaware
60%
No matching quizzes found
Score Distribution
Percent of People with Each Score
Percentile by Number Answered
Your Score History
You have not taken this quiz